书目信息 |
| 题名: |
遭遇怪兽
|
|
| 作者: | 奥克斯 著 ;何晓科 译 | |
| 分册: | ||
| 出版信息: | 北京 东方出版社 2004 |
|
| 页数: | 193页 | |
| 开本: | 24cm | |
| 丛书名: | ||
| 单 册: | ||
| 中图分类: | K11 | |
| 科图分类: | ||
| 主题词: | 上古史 , 世界史:上古史 | |
| 电子资源: | ||
| ISBN: | 7-5060-1870-5 | |
| 000 | 00914nam0 2200253 45 | |
| 001 | 002665062 | |
| 005 | 20041221172455.7 | |
| 010 | @a7-5060-1870-5@dCNY48.00 | |
| 100 | @a20040616d2004 em y0chiy0110 ea | |
| 101 | 1 | @achi@ceng |
| 102 | @aCN@b110000 | |
| 105 | @aa z 000yy | |
| 200 | 1 | @a遭遇怪兽@Azao yu guai shou@dMonsters We Met@e人类的史前生存战争@ERen Lei De Shi Qian Sheng Cun Zhan Zheng@f(英)特德·奥克斯著@F(Ying)Te De·Ao Ke Si Zhu@g何晓科译 |
| 210 | @a北京@c东方出版社@d2004 | |
| 215 | @a193页@c彩照@d24cm | |
| 330 | @a本书介绍了10万年以前的古人类在走出非洲、经由“澳大利亚、欧洲、美洲”等地途中所遇到的史前“巨型动物”。 | |
| 517 | @a人类的史前生存战争@ARen Lei De Shi Qian Sheng Cun Zhan Zheng | |
| 606 | 0 | @a上古史 |
| 606 | 0 | @a世界史:上古史 |
| 690 | @aK11 | |
| 701 | 0 | @a奥克斯@4著 |
| 702 | 0 | @a何晓科@AHe Xiao Ke@4译 |
| 801 | 0 | @aCN@bNLC@c20040707 |
| 905 | @b340188-192@dK11@e116@f5 | |
| 遭遇怪兽=Monsters We Met:人类的史前生存战争/(英)特德·奥克斯著/何晓科译.-北京:东方出版社,2004 |
| 193页:彩照;24cm |
| ISBN 7-5060-1870-5:CNY48.00 |
| 本书介绍了10万年以前的古人类在走出非洲、经由“澳大利亚、欧洲、美洲”等地途中所遇到的史前“巨型动物”。 |
| ● |
| 相关链接 |
|
|
|
|
正题名:遭遇怪兽
索取号:K11/116
 
预约/预借
| 序号 | 登录号 | 条形码 | 馆藏地/架位号 | 状态 | 备注 |
| 1 | 0340188 | 203401880 | 第二样本阅览室/ [索取号:K11/116] | 在馆 | |
| 2 | 0340189 | 203401899 | 第二借阅区/ [索取号:K11/116] | 在馆 | |
| 3 | 0340190 | 203401906 | 第二借阅区/ [索取号:K11/116] | 在馆 | |
| 4 | 0340191 | 203401915 | 第二借阅区/ [索取号:K11/116] | 在馆 | |
| 5 | 0340192 | 203401924 | 第二借阅区/ [索取号:K11/116] | 在馆 |